Normal view MARC view
  • Punnett, Betty Jane

Entry Personal Name

Number of records used in: 1

001 - CONTROL NUMBER

  • control field: 2060

003 - CONTROL NUMBER IDENTIFIER

  • control field: OSt

005 - DATE AND TIME OF LATEST TRANSACTION

  • control field: 20160616104846.0

008 - FIXED-LENGTH DATA ELEMENTS

  • fixed length control field: 160616|| aca||aabn | a|a d

040 ## - CATALOGING SOURCE

  • Original cataloging agency: OSt
  • Transcribing agency: OSt

100 ## - HEADING--PERSONAL NAME

  • Personal name: Punnett, Betty Jane

670 ## - SOURCE DATA FOUND

  • Source citation: Work cat.: (OSt): Punnett, Betty Jane, International respetive on orgainzational behaviour and human resource Mgt.